[Event "Titled Tue 27th May Early"]
[Site "chess.com INT"]
[Date "2025.05.27"]
[Round "3"]
[White "Arslanov, Shamil"]
[Black "Urbina Perez, Juan Antonio"]
[Result "1-0"]
[WhiteTitle "IM"]
[BlackTitle "FM"]
[WhiteElo "2410"]
[BlackElo "2221"]
[WhiteFideId "4192826"]
[BlackFideId "2217368"]
[EventDate "2025.05.27"]

1. e4 c5 2. Nf3 d6 3. d4 cxd4 4. Nxd4 Nf6 5. Nc3 a6 6. Bg5 e6 7. f4 Be7 8. Qf3
Qc7 9. O-O-O h6 10. Bxf6 Bxf6 11. g4 Nc6 12. Nce2 Qb6 13. c3 Bd7 14. h4 O-O-O
15. g5 hxg5 16. hxg5 Be7 17. Bg2 Qa5 18. Kb1 g6 19. Rxh8 Rxh8 20. Rh1 Rxh1+ 21.
Bxh1 Qa4 22. b3 Qa5 23. Bg2 Qc5 24. Qd3 Bf8 25. Kb2 Bg7 26. Bf3 b5 27. a3 Nxd4
28. cxd4 Qc7 29. Qc3 Qxc3+ 30. Kxc3 Kc7 31. b4 f6 32. gxf6 Bxf6 33. e5 Be7 34.
Ng3 g5 35. fxg5 Bxg5 36. exd6+ Kxd6 37. Ne4+ Kc7 38. Nxg5 Kb6 39. Nf7 a5 40. Ne5
Be8 41. Bg4 axb4+ 42. Kxb4 Kc7 43. Bxe6 Kd6 44. Bb3 Kc7 45. Kc5 Kb7 46. d5 Ka6
47. d6 Kb7 48. Bd5+ Ka6 49. Bc6 b4 50. axb4 Ka7 51. Bxe8 Kb7 52. Bc6+ Kb8 53.
Kb6 Kc8 54. Nf7 Kb8 55. Bd7 Ka8 56. Bc8 Kb8 57. Ba6 Ka8 58. Nd8 Kb8 59. Nc6+ Ka8
60. Bb7# 1-0

[Event "Titled Tue 27th May Early"]
[Site "chess.com INT"]
[Date "2025.05.27"]
[Round "3"]
[White "Huseynova, Lala"]
[Black "Vingris, Mikelis"]
[Result "0-1"]
[WhiteTitle "WFM"]
[WhiteElo "2123"]
[BlackElo "2102"]
[WhiteFideId "13431781"]
[BlackFideId "11611731"]
[EventDate "2025.05.27"]

1. Nf3 c5 2. b3 Nf6 3. Bb2 Nc6 4. g3 d5 5. Bg2 e6 6. d3 Bd6 7. Nbd2 O-O 8. O-O
Qc7 9. Re1 Ne5 10. e4 Nxf3+ 11. Nxf3 dxe4 12. dxe4 Be7 13. e5 Nd5 14. c4 Nb4 15.
a3 Nc6 16. Qc2 b6 17. Nd2 Bb7 18. Rad1 Rad8 19. f4 Nd4 20. Bxd4 cxd4 21. Bxb7
Qxb7 22. b4 a5 23. Rb1 axb4 24. axb4 d3 25. Qc3 Rd7 26. Rec1 Rc8 27. c5 bxc5 28.
bxc5 Qa7 29. Rb5 Rd5 30. Nb3 g5 31. Kf1 Qa6 32. Qa5 Qxa5 33. Rxa5 d2 34. Rd1
Bxc5 35. Rxd2 Rxd2 36. Nxd2 Bb4 37. Ra2 gxf4 38. gxf4 Bxd2 39. Rxd2 Rc4 40. Rf2
Kg7 41. Kg2 Kg6 42. Kg3 Kf5 43. Rf3 Ra4 44. h3 h6 45. h4 h5 46. Rf2 Ra3+ 47. Rf3
Ra1 48. Kg2 Kg4 49. Rg3+ Kxf4 50. Rg5 Ra2+ 51. Kg1 Re2 52. Rxh5 Rxe5 53. Rh7 f5
54. Kf2 Ra5 55. h5 Ra2+ 56. Ke1 e5 57. h6 Rh2 58. Rh8 e4 59. Kf1 Kf3 60. Kg1 Rh5
61. h7 f4 0-1

[Event "Titled Tue 27th May Early"]
[Site "chess.com INT"]
[Date "2025.05.27"]
[Round "3"]
[White "Gadzhiev, Ruslan"]
[Black "Lisenkov, Svyatoslav"]
[Result "0-1"]
[WhiteTitle "CM"]
[BlackTitle "CM"]
[WhiteElo "2169"]
[BlackElo "2241"]
[WhiteFideId "55671926"]
[BlackFideId "34264183"]
[EventDate "2025.05.27"]

1. e4 c5 2. Nf3 d6 3. d4 cxd4 4. Nxd4 Nf6 5. Nc3 a6 6. Be2 e5 7. Nb3 Be7 8. O-O
O-O 9. Be3 Be6 10. Re1 Nbd7 11. a4 Qc7 12. a5 h6 13. h3 Rfc8 14. Nd2 Qb8 15. Nf1
Bd8 16. Qd2 Rc6 17. Ng3 b5 18. axb6 Bxb6 19. Bxb6 Qxb6 20. Na4 Qc7 21. Bd3 Nc5
22. Nxc5 dxc5 23. Qc3 c4 24. Be2 Rb8 25. Ra2 Rcb6 26. Rea1 Qc5 27. b3 cxb3 28.
Qxc5 bxa2 29. Kh2 Rb1 30. Rxa2 Bxa2 31. Bxa6 R1b6 32. Bd3 Nd7 33. Qe7 Be6 34.
Nh5 Rc6 35. Qa3 Nc5 36. Qa7 Rcc8 37. Qe7 Nd7 38. Qd6 g6 39. Ng3 h5 40. h4 Rb6
41. Qa3 Nc5 42. Qa7 Rb7 43. Qa3 Nxd3 44. cxd3 f6 45. Qd6 Kf7 46. d4 Rd7 47. Qb6
exd4 48. f4 d3 49. f5 gxf5 50. exf5 Bc4 51. Nxh5 d2 52. Qxf6+ Ke8 53. Qh8+ Ke7
54. Qf6+ Ke8 55. Qh8+ Ke7 56. Qxc8 d1=Q 57. f6+ Kd6 58. Ng3 Qd4 59. Qf8+ Kc7 60.
f7 Qxh4+ 61. Kg1 Rd1+ 62. Kf2 Qf4# 0-1

[Event "Titled Tue 27th May Early"]
[Site "chess.com INT"]
[Date "2025.05.27"]
[Round "3"]
[White "Karas, Eugenia"]
[Black "Voinikonis, Nikita"]
[Result "1/2-1/2"]
[WhiteTitle "WFM"]
[BlackTitle "FM"]
[WhiteElo "2124"]
[BlackElo "2123"]
[WhiteFideId "463485"]
[BlackFideId "34187500"]
[EventDate "2025.05.27"]

1. Nf3 Nf6 2. b3 d5 3. Bb2 g6 4. e3 Bg7 5. Be2 O-O 6. O-O Ne8 7. d4 Nd6 8. Nbd2
c6 9. c4 Bf5 10. Re1 Nd7 11. Nf1 a5 12. Ng3 a4 13. Nxf5 Nxf5 14. bxa4 Qa5 15.
cxd5 Qxd5 16. Bc3 Nd6 17. Qb3 Ra7 18. Bb4 Rfa8 19. Qxd5 cxd5 20. Bxd6 exd6 21.
Bb5 Nb6 22. Rec1 Nxa4 23. Rc7 b6 24. Rxa7 Rxa7 25. Bxa4 Rxa4 26. Kf1 b5 27. Nd2
Bf6 28. Ke2 h5 29. Kd3 Kf8 30. Nb1 b4 31. Kc2 Ra8 32. Kb3 Rc8 33. Kxb4 Rc1 34.
a4 Bd8 35. a5 Ke7 36. a6 Bb6 37. a7 Bxa7 38. Rxa7+ Ke6 39. Nc3 Rg1 40. g3 Rg2
41. f4 Rxh2 42. Ra8 Rg2 43. Re8+ Kd7 44. Rf8 Ke7 45. Rh8 Ke6 46. e4 dxe4 47.
Nxe4 Kd5 48. Ng5 f6 49. Nf7 Rxg3 50. Rd8 Kxd4 51. Rxd6+ Ke4 52. Rxf6 Rg4 53. Ne5
Rxf4 54. Rxf4+ Kxf4 55. Nxg6+ Kf5 56. Nh4+ Kg4 57. Ng2 Kf3 58. Nh4+ Kg4 59. Ng2
Kg3 60. Ne3 Kf3 61. Nf5 Kg4 62. Ne3+ Kf4 63. Ng2+ Kg3 64. Ne3 Kf4 65. Ng2+ Kf3
66. Nh4+ Kg3 67. Ng6 Kg4 68. Kc4 Kf5 69. Nh4+ Kg4 70. Ng6 Kg5 71. Ne5 Kf4 72.
Kd4 h4 73. Ng6+ Kg4 74. Nxh4 1/2-1/2

[Event "Titled Tue 27th May Early"]
[Site "chess.com INT"]
[Date "2025.05.27"]
[Round "3"]
[White "Unver, Cumayi"]
[Black "Fragkos, Vasileios"]
[Result "0-1"]
[BlackTitle "CM"]
[WhiteElo "2012"]
[BlackElo "2176"]
[WhiteFideId "6304940"]
[BlackFideId "25832646"]
[EventDate "2025.05.27"]

1. d4 g6 2. Nc3 Bg7 3. e4 d6 4. h3 a6 5. a4 b6 6. Nf3 Bb7 7. Bd3 Nd7 8. Ne2 e5
9. c3 Ngf6 10. Ng3 O-O 11. O-O Qe7 12. Re1 Rad8 13. Be3 Rfe8 14. Qd2 Qf8 15. Bg5
h6 16. Be3 Kh8 17. b4 Ng8 18. Qe2 Nb8 19. Qc2 Bc8 20. Rad1 Ne7 21. Bc1 Ng8 22.
Bb2 Nc6 23. b5 axb5 24. axb5 Nb8 25. Ra1 c6 26. Ra7 cxb5 27. Bxb5 Bd7 28. Qa4
Nf6 29. dxe5 dxe5 30. Ba3 Qg8 31. Rb1 Bf8 32. Bb4 Bxb4 33. cxb4 Qf8 34. Rc1 Qd6
35. Rcc7 Rf8 36. Rab7 Be6 37. Qa1 Qd1+ 38. Qxd1 Rxd1+ 39. Kh2 Nbd7 40. Bxd7 Nxd7
41. b5 Kg7 42. Rc6 Ra8 43. Rc2 Ra5 44. Rb2 Rd6 45. Ne2 Kf6 46. Nc3 Nc5 47. Rb8
Nd3 48. Rd2 Ra3 49. Nd5+ Bxd5 50. exd5 e4 51. Nd4 Rxd5 52. Nc2 Rc3 53. Ne3 Rd6
54. Ng4+ Kg7 55. Ne3 Rc5 56. Nd1 Rxb5 57. Ne3 Rb4 58. Ng4 h5 59. Ne5 Rbd4 60.
Nxd3 exd3 61. Rc8 b5 62. Rc1 b4 63. Rb1 h4 64. Rbb2 Kf6 65. Kg1 Rc4 66. Kf1 Rc1+ 0-1

[Event "Titled Tue 27th May Early"]
[Site "chess.com INT"]
[Date "2025.05.27"]
[Round "3"]
[White "Akobian, Varuzhan"]
[Black "Ivannikov, Maksim"]
[Result "0-1"]
[WhiteTitle "GM"]
[BlackTitle "CM"]
[WhiteElo "2564"]
[BlackElo "2184"]
[WhiteFideId "13300580"]
[BlackFideId "34275339"]
[EventDate "2025.05.27"]

1. d4 Nf6 2. c4 g6 3. Nc3 Bg7 4. Nf3 O-O 5. Bg5 d6 6. e3 h6 7. Bh4 Nbd7 8. Be2
b6 9. Qc2 Bb7 10. O-O g5 11. Bg3 Nh5 12. Nxg5 hxg5 13. Bxh5 c5 14. d5 Ne5 15.
Be2 f5 16. f4 gxf4 17. exf4 Ng4 18. Bxg4 fxg4 19. f5 Qe8 20. Rae1 Qf7 21. Ne4
Bc8 22. Ng5 Bxf5 23. Qe2 Qg6 24. Ne6 Bxe6 25. Qxe6+ Qxe6 26. Rxe6 Bd4+ 27. Bf2
Rxf2 28. Rxf2 Rf8 29. Re2 Rf4 30. b3 a6 31. Kf1 Bxf2 32. Rxf2 Rd4 33. Ke1 b5 34.
Rd2 Rf4 35. g3 Rf3 36. Re2 Kf7 37. Re4 Rc3 38. Rxg4 Rc1+ 39. Kd2 Ra1 40. h4
Rxa2+ 41. Kd3 b4 42. Ke4 Rb2 43. Rf4+ Kg7 44. Rf3 a5 45. Kf5 Rc2 46. Re3 Kf7 47.
Ke4 Rc3 48. Rd3 Rc1 49. g4 Ra1 50. h5 a4 51. bxa4 Rxa4 52. g5 Ra2 53. Rf3+ Kg7
54. g6 Rh2 55. Rf7+ Kg8 56. Rxe7 Rxh5 57. Rd7 Rh4+ 58. Kf5 Rxc4 59. Rxd6 b3 60.
Rb6 Rb4 61. Rxb4 cxb4 62. d6 b2 63. d7 b1=Q+ 64. Ke6 Qxg6+ 65. Ke7 Qg5+ 66. Kd6
b3 0-1

[Event "Titled Tue 27th May Early"]
[Site "chess.com INT"]
[Date "2025.05.27"]
[Round "3"]
[White "Li, Hui"]
[Black "Frempong-Smart Daniel"]
[Result "0-1"]
[WhiteTitle "CM"]
[BlackTitle "CM"]
[WhiteElo "2041"]
[BlackElo "1841"]
[WhiteFideId "15400310"]
[BlackFideId "12601659"]
[EventDate "2025.05.27"]

1. e4 d5 2. exd5 Qxd5 3. Nc3 Qd6 4. d4 Nf6 5. Nf3 a6 6. g3 Nc6 7. Bg2 Bg4 8. d5
Bxf3 9. Bxf3 Ne5 10. Bf4 Nxf3+ 11. Qxf3 e5 12. dxe6 Qxe6+ 13. Qe2 Qxe2+ 14. Kxe2
O-O-O 15. Rhd1 Bb4 16. Bd2 Rhe8+ 17. Kf3 h5 18. a3 Ba5 19. b4 Bb6 20. Bg5 Rxd1
21. Rxd1 Ng4 22. Nd5 Ne5+ 23. Kg2 f6 24. Nxb6+ cxb6 25. Bf4 Nc4 26. a4 Rd8 27.
Rxd8+ Kxd8 28. Kf3 Kd7 29. Ke2 b5 30. axb5 axb5 31. Kd3 Kc6 32. Bc1 Kd5 33. f3
f5 34. h3 Ne5+ 35. Ke2 Nc6 36. Bb2 g6 37. Bc3 Kc4 38. Be1 Nxb4 39. Bxb4 Kxb4 40.
Kd3 Kc5 41. g4 b4 42. gxf5 gxf5 43. Ke3 Kc4 44. Kd2 f4 45. Kd1 h4 46. Kd2 b6 47.
Kd1 Kc3 48. Kc1 b5 49. Kb1 Kd2 50. Kb2 Ke3 51. Kb3 Kxf3 52. Kxb4 Kg3 53. Kxb5 f3
54. c4 f2 55. c5 f1=Q+ 56. Kb6 Qc1 57. c6 Kxh3 58. c7 Kg4 59. Kb7 h3 60. c8=Q+
Qxc8+ 61. Kxc8 h2 0-1

[Event "Titled Tue 27th May Early"]
[Site "chess.com INT"]
[Date "2025.05.27"]
[Round "3"]
[White "Cernov, Henrik"]
[Black "Nouali, Mohamed"]
[Result "0-1"]
[WhiteTitle "FM"]
[BlackTitle "FM"]
[WhiteElo "2325"]
[BlackElo "2157"]
[WhiteFideId "16258312"]
[BlackFideId "5502462"]
[EventDate "2025.05.27"]

1. e4 c5 2. Nf3 Nc6 3. d4 cxd4 4. Nxd4 g6 5. Nc3 Bg7 6. Be3 Nf6 7. Be2 O-O 8.
O-O d5 9. exd5 Nxd5 10. Nxc6 bxc6 11. Nxd5 cxd5 12. c3 a5 13. Bf3 e6 14. Qd2 Ba6
15. Rfe1 a4 16. Bh6 Bxh6 17. Qxh6 Rb8 18. b3 Qf6 19. Re3 Rfc8 20. bxa4 Rxc3 21.
Rae1 Bc4 22. a3 Rbb3 23. h4 Rxa3 24. h5 Rxa4 25. hxg6 hxg6 26. Bg4 Rxe3 27. fxe3
Ra1 28. Rxa1 Qxa1+ 29. Kf2 Qb2+ 30. Kg3 Qe5+ 31. Kf2 Qf6+ 32. Kg3 e5 33. Bf3 d4
34. exd4 exd4 35. Qd2 Qe5+ 36. Kf2 Kg7 37. Qb4 Qe3+ 38. Kg3 Be2 39. Qb6 Bxf3 40.
gxf3 Qe5+ 41. Kf2 d3 42. Qe3 Qxe3+ 43. Kxe3 Kf6 44. Kxd3 Kf5 45. Ke3 g5 46. Kf2
Kf4 47. Kg2 Ke3 48. Kg3 f5 49. Kg2 Ke2 50. Kg3 Kf1 51. f4 g4 52. Kh4 Kf2 53. Kg5
g3 54. Kxf5 g2 55. Ke6 g1=Q 56. f5 Qg7 57. f6 Qf8 58. Ke5 Kg3 59. Kf5 Kh4 60.
Kg6 Kg4 61. f7 Kf4 62. Kf6 Ke4 63. Ke6 Kd4 64. Kf6 Kd5 65. Kg6 Ke6 66. Kh7 Qxf7+
67. Kh8 Qe7 0-1

[Event "Titled Tue 27th May Early"]
[Site "chess.com INT"]
[Date "2025.05.27"]
[Round "3"]
[White "Sturt, Raven"]
[Black "Aronian, Levon"]
[Result "1-0"]
[WhiteTitle "GM"]
[BlackTitle "GM"]
[WhiteElo "2459"]
[BlackElo "2747"]
[WhiteFideId "2007304"]
[BlackFideId "13300474"]
[EventDate "2025.05.27"]

1. f4 d5 2. Nf3 g6 3. e3 Bg7 4. c4 d4 5. Nxd4 Bxd4 6. exd4 Qxd4 7. Nc3 Nc6 8. d3
Nf6 9. h3 b6 10. Qf3 Bb7 11. Be3 Qd7 12. d4 O-O-O 13. d5 Nb4 14. O-O-O c6 15. a3
Na6 16. dxc6 Qxc6 17. Qxc6+ Bxc6 18. b4 Rxd1+ 19. Kxd1 Nc7 20. Rh2 h5 21. g3 Ne6
22. Rd2 Rg8 23. a4 g5 24. f5 Nc7 25. b5 Bf3+ 26. Be2 Bxe2+ 27. Kxe2 g4 28. h4
Rd8 29. Bg5 Nce8 30. Rxd8+ Kxd8 31. Ke3 Nd7 32. Ne4 f6 33. Bh6 Ne5 34. c5 bxc5
35. Nxc5 Nd6 36. Bf4 Nxf5+ 37. Ke4 Nd6+ 38. Kd5 Nec4 39. Bxd6 Nxd6 40. Ne6+ Kd7
41. Nc5+ Kc7 42. Ne6+ Kb6 43. Nf4 Ka5 44. Nxh5 Nf5 45. Ke6 Nh6 46. Kxe7 Kxa4 47.
Kxf6 Kxb5 48. Kg6 Ng8 49. Kf7 Nh6+ 50. Kg6 Ng8 51. Kg7 Ne7 52. Kf7 Nd5 53. Ng7
a5 54. h5 a4 55. h6 a3 56. h7 a2 57. h8=Q a1=Q 58. Qe8+ Kc4 59. Qc8+ Kb3 60. Qe6
Qf1+ 61. Kg6 Qc4 62. Kg5 Kc3 63. Nf5 Qd3 64. Qe5+ 1-0

[Event "Titled Tue 27th May Early"]
[Site "chess.com INT"]
[Date "2025.05.27"]
[Round "3"]
[White "Dominguez, Ramiro"]
[Black "Souza dos Santos, Matheus Garcett"]
[Result "1/2-1/2"]
[WhiteTitle "FM"]
[WhiteElo "2185"]
[BlackElo "1981"]
[WhiteFideId "4420055"]
[BlackFideId "2144492"]
[EventDate "2025.05.27"]

1. e4 e5 2. Nf3 Nc6 3. Bc4 Nf6 4. d3 Be7 5. O-O O-O 6. a3 d5 7. exd5 Nxd5 8. h3
Be6 9. Re1 Bd6 10. Ng5 Qe7 11. Qf3 Nd4 12. Qe4 f5 13. Qxd4 exd4 14. Rxe6 Qd7 15.
Bxd5 Bh2+ 16. Kxh2 Qxd5 17. Bf4 h6 18. Re5 Qd7 19. Nf3 g5 20. Bd2 g4 21. Nh4
gxh3 22. Bf4 hxg2 23. Nd2 Rae8 24. Ndf3 Rxe5 25. Nxe5 Qd8 26. Nxg2 Kh7 27. Rh1
c6 28. Kg3 Rg8+ 29. Kh2 Qd5 30. f3 Re8 31. Re1 Rg8 32. Rh1 Re8 33. Re1 Re6 34.
Nh4 Qd8 35. Kg3 Qg8+ 36. Kf2 Qd8 37. Rh1 Qf6 38. Nhg6 b5 39. Rxh6+ Kg8 40. Rh8+
Qxh8 41. Nxh8 Kxh8 42. Ng6+ Rxg6 43. Be5+ Kg8 44. Bxd4 a6 45. f4 Kf7 46. Be5 Ke6
47. c4 Rh6 48. Ke3 Rh2 49. Kd4 Kd7 50. Kc5 Rd2 51. d4 bxc4 52. Kxc4 Rxb2 53. d5
cxd5+ 54. Kxd5 Rb5+ 55. Kc4 Ke6 56. a4 Rxe5 57. fxe5 Kxe5 58. a5 f4 59. Kd3 Kd5
60. Ke2 Kc4 61. Kf3 Kb5 62. Kxf4 Kxa5 63. Ke3 Kb4 64. Kd2 Kb3 65. Kc1 Ka2 66.
Kc2 a5 67. Kc1 a4 68. Kc2 a3 69. Kc1 Ka1 70. Kc2 a2 71. Kc1 1/2-1/2

[Event "Titled Tue 27th May Early"]
[Site "chess.com INT"]
[Date "2025.05.27"]
[Round "3"]
[White "Khodashenas, Mersad"]
[Black "Vafin, Ayrat"]
[Result "1-0"]
[WhiteTitle "IM"]
[BlackTitle "FM"]
[WhiteElo "2471"]
[BlackElo "2302"]
[WhiteFideId "12514195"]
[BlackFideId "4146530"]
[EventDate "2025.05.27"]

1. e4 e5 2. Nf3 Nf6 3. Nxe5 d6 4. Nc4 Nxe4 5. Qe2 Qe7 6. Ne3 Nf6 7. d4 c6 8. g3
g6 9. Bg2 Bg7 10. O-O O-O 11. c4 Na6 12. Nc3 Nc7 13. b3 Qd8 14. Bb2 d5 15. cxd5
Nfxd5 16. Ncxd5 Nxd5 17. Nxd5 cxd5 18. Rac1 Be6 19. Rc5 Re8 20. Rfc1 Bh6 21. f4
Bf8 22. R5c3 Bf5 23. Re3 Rxe3 24. Qxe3 Qa5 25. a4 Rd8 26. h3 h5 27. Kh2 Bb4 28.
Bc3 Bxc3 29. Qxc3 Qa6 30. Qe3 Be4 31. Bf1 Qd6 32. g4 hxg4 33. hxg4 Kg7 34. Kg3
Rh8 35. Bg2 Qd8 36. g5 Re8 37. Bh3 Qd6 38. Rc8 Rxc8 39. Bxc8 Qc7 40. Bg4 Qc2 41.
Bf3 Bf5 42. Bxd5 Qd1 43. Bg2 Kh7 44. d5 a6 45. Kf2 Qc2+ 46. Kg1 Qd1+ 47. Kh2
Qh5+ 48. Kg3 Qg4+ 49. Kf2 Qd1 50. Bf3 Qc2+ 51. Kg3 Qb1 52. Qd4 Qe1+ 53. Kg2 Qh4
54. Kf1 Qg3 55. Ke2 Bh3 56. Qe3 Qh2+ 57. Kd3 Bf5+ 58. Be4 Bg4 59. Kc3 1-0

[Event "Titled Tue 27th May Early"]
[Site "chess.com INT"]
[Date "2025.05.27"]
[Round "3"]
[White "Rothuis, Vincent"]
[Black "Xiong, Jeffery"]
[Result "0-1"]
[WhiteTitle "IM"]
[BlackTitle "GM"]
[WhiteElo "2346"]
[BlackElo "2636"]
[WhiteFideId "1011936"]
[BlackFideId "2047640"]
[EventDate "2025.05.27"]

1. e4 e5 2. Nf3 Nf6 3. Nc3 Nc6 4. g3 Bc5 5. Bg2 d6 6. d3 h6 7. h3 Be6 8. O-O Qd7
9. Kh2 g5 10. Ng1 g4 11. h4 O-O-O 12. Be3 Bxe3 13. fxe3 Nh5 14. b4 Ne7 15. d4
Bc4 16. Nge2 Ng6 17. Qd2 Qe7 18. Rf5 Ng7 19. Rf2 Rhf8 20. Raf1 Nxh4 21. Nd5 Bxd5
22. exd5 Nxg2 23. Kxg2 f5 24. Nc3 h5 25. Rh1 Qg5 26. Ne2 Ne8 27. Qd3 Kb8 28. c4
Ng7 29. c5 dxc5 30. dxc5 Qf6 31. Qc4 h4 32. Rxh4 Rh8 33. c6 a6 34. Qxg4 Qxh4 35.
Qxh4 Rxh4 36. gxh4 Rxd5 37. cxb7 Kxb7 38. Ng3 a5 39. bxa5 f4 40. exf4 exf4 41.
Rxf4 Rxa5 42. Rf2 Kc6 43. Kh3 Kd6 44. Kg4 Ke6 45. h5 Ne8 46. Ne4 Ra4 47. Kf3 Ke5
48. Re2 Ra3+ 49. Kg4 Ra4 50. Kf3 Ra3+ 51. Kg2 Kf4 52. h6 Ra6 53. Ng3 Nf6 54.
Rf2+ Kg4 55. Re2 Kg5 56. Rf2 Kxh6 57. Rc2 Kg5 58. Rxc7 Rxa2+ 59. Kh3 Ra3 60.
Rg7+ Kf4 61. Rf7 Rxg3+ 62. Kh2 Rg6 63. Ra7 Nd5 64. Rf7+ Nf6 65. Rf8 Kf3 66. Rf7
Kf2 67. Kh1 Rh6# 0-1

[Event "Titled Tue 27th May Early"]
[Site "chess.com INT"]
[Date "2025.05.27"]
[Round "3"]
[White "Kovalevsky, Stanislav"]
[Black "Manvelyan, Mikayel"]
[Result "1-0"]
[WhiteTitle "FM"]
[BlackTitle "FM"]
[WhiteElo "2098"]
[BlackElo "2362"]
[WhiteFideId "13508598"]
[BlackFideId "13310143"]
[EventDate "2025.05.27"]

1. e4 e5 2. Nf3 Nc6 3. Bb5 a6 4. Ba4 Nf6 5. O-O Nxe4 6. Re1 Nc5 7. Bxc6 dxc6 8.
d4 Ne6 9. Nxe5 Be7 10. c3 O-O 11. Nd2 c5 12. Ndf3 cxd4 13. cxd4 Qd5 14. Be3 b6
15. Qb3 Bb7 16. Qxd5 Bxd5 17. a3 Bd6 18. Rac1 Rfe8 19. Rc3 f6 20. Nc6 Bxf3 21.
gxf3 Nf4 22. Rc2 Nd5 23. Ree2 Re6 24. Bc1 Kf7 25. h3 Rae8 26. Kf1 Rxe2 27. Rxe2
Rxe2 28. Kxe2 Ke6 29. Bd2 a5 30. Na7 Bf4 31. Be3 Kd7 32. Nb5 Kc6 33. Na7+ Kd7
34. Nb5 Bd6 35. Kd3 c6 36. Nc3 Ke6 37. Ne4 Be7 38. Ng3 f5 39. Nh5 Kf7 40. Nf4
Nf6 41. Kc4 g5 42. Nd3 f4 43. Ne5+ Ke6 44. Bd2 c5 45. Nc6 Nd5 46. Nxe7 Nxe7 47.
dxc5 bxc5 48. Kxc5 a4 49. Kb5 Kd5 50. Kxa4 Kc4 51. b4 Kd3 52. Bc1 Ke2 53. b5 Nc8
54. Ka5 Kxf3 55. b6 Nd6 56. Ka6 Kxf2 57. a4 Kg2 58. Ba3 1-0

[Event "Titled Tue 27th May Early"]
[Site "chess.com INT"]
[Date "2025.05.27"]
[Round "3"]
[White "Felix, Raphael"]
[Black "Kushko, Dmitriy"]
[Result "1/2-1/2"]
[WhiteTitle "CM"]
[BlackTitle "IM"]
[WhiteElo "2201"]
[BlackElo "2454"]
[WhiteFideId "14339544"]
[BlackFideId "14162261"]
[EventDate "2025.05.27"]

1. e4 d6 2. d4 Nf6 3. Nc3 g6 4. Nf3 Bg7 5. Be2 O-O 6. O-O c6 7. h3 Qc7 8. a4 e5
9. Be3 exd4 10. Nxd4 Re8 11. f3 d5 12. Qd2 dxe4 13. Nxe4 Nxe4 14. fxe4 Nd7 15.
c3 Ne5 16. Kh1 Bd7 17. Bh6 c5 18. Bxg7 Kxg7 19. Nb5 Bxb5 20. Bxb5 Re6 21. Qf4 c4
22. Rad1 Rd8 23. Rd5 Rc8 24. Bd7 Rce8 25. Bxe8 Rxe8 26. Qf6+ Kg8 27. Qf4 Qe7 28.
Rd4 a6 29. Rfd1 Nd3 30. Qe3 Nxb2 31. Rd7 Nxd1 32. Rxe7 Nxe3 33. Rxe8+ Kg7 34.
Rb8 Nd1 35. Rxb7 Nxc3 36. Rc7 Nxa4 37. Rxc4 Nb6 38. Rc6 Nd7 39. Rxa6 Nc5 40. Ra7
Nxe4 41. Kh2 h5 42. g3 Nf6 43. Kg2 Ne4 44. Kf3 Ng5+ 45. Kg2 Ne4 46. h4 Nf6 47.
Kf3 Ng4 48. Kf4 Nh6 49. Ra5 Ng4 50. Ra7 Nh6 51. Rb7 Nf5 52. g4 Nxh4 53. gxh5
gxh5 54. Kg5 Nf3+ 55. Kxh5 Ne5 56. Kg5 Ng6 57. Kf5 Nf8 58. Ra7 Nh7 59. Ke5 Kg6
60. Ra6+ f6+ 61. Kf4 Ng5 62. Ra8 Ne6+ 63. Kg4 f5+ 64. Kf3 Kf6 65. Ra6 Ke5 66.
Ra5+ Kf6 67. Ra6 Ke5 68. Rb6 Nd4+ 69. Ke3 f4+ 70. Kf2 Ke4 71. Rb4 Ke5 72. Ra4
Ke4 73. Rb4 Ke5 74. Ra4 Ke4 75. Rb4 1/2-1/2

[Event "Titled Tue 27th May Early"]
[Site "chess.com INT"]
[Date "2025.05.27"]
[Round "3"]
[White "Anakok, Deniz"]
[Black "Langheinrich, Ferenc"]
[Result "0-1"]
[WhiteTitle "CM"]
[BlackTitle "IM"]
[WhiteElo "2058"]
[BlackElo "2346"]
[WhiteFideId "51603586"]
[BlackFideId "4641973"]
[EventDate "2025.05.27"]

1. e4 c6 2. Nc3 d5 3. Nf3 dxe4 4. Nxe4 Nf6 5. Qe2 Nxe4 6. Qxe4 Qd5 7. Qh4 Bf5 8.
Bc4 Qe4+ 9. Qxe4 Bxe4 10. Ne5 Bd5 11. Bxd5 cxd5 12. d4 e6 13. O-O Nd7 14. f4 Nf6
15. c3 Ne4 16. f5 f6 17. Nd3 Kd7 18. Nf4 exf5 19. Nxd5 g6 20. Bf4 Bd6 21. Rae1
Bxf4 22. Rxf4 Kd6 23. Ne3 h5 24. g3 b5 25. Kg2 Rac8 26. h3 Ng5 27. g4 hxg4 28.
hxg4 Ne6 29. Rf2 f4 30. Nf1 Rh4 31. Nh2 Rch8 32. Rh1 g5 33. Kf3 Rh3+ 34. Ke4 Ng7
35. d5 Re8+ 36. Kd4 Re5 37. c4 bxc4 38. Kxc4 Rxd5 39. Re1 Rc5+ 40. Kb4 a5+ 41.
Ka4 Ne6 42. Rfe2 Re5 43. Rd2+ Kc6 44. Rc1+ Rc5 45. Rcd1 Re3 46. a3 Re4+ 47. b4
axb4 48. axb4 Rcc4 49. Rd6+ Kb7 50. Kb5 Nc7+ 51. Ka4 Rxb4+ 52. Ka3 Nb5+ 53. Ka2
Nxd6 54. Rxd6 Re2+ 55. Ka3 Rb6 56. Rd7+ Kc6 57. Rh7 Kd5 58. Ka4 Rb1 59. Ka3 f3
60. Nxf3 Re3+ 61. Ka2 Rb8 62. Nh2 Ke5 63. Rc7 Kf4 64. Rc4+ Re4 65. Rc2 Reb4 66.
Rg2 Ra4# 0-1

[Event "Titled Tue 27th May Early"]
[Site "chess.com INT"]
[Date "2025.05.27"]
[Round "3"]
[White "Zhauynbay, Alimzhan"]
[Black "Gustafsson, Jan"]
[Result "0-1"]
[WhiteTitle "CM"]
[BlackTitle "GM"]
[WhiteElo "2077"]
[BlackElo "2591"]
[WhiteFideId "13782657"]
[BlackFideId "4625498"]
[EventDate "2025.05.27"]

1. e4 e5 2. Nf3 Nc6 3. Bc4 Nf6 4. O-O Nxe4 5. Nc3 Nxc3 6. dxc3 f6 7. Re1 d6 8.
b4 Qe7 9. a4 Be6 10. Qe2 Bxc4 11. Qxc4 Qf7 12. Qd3 Be7 13. a5 a6 14. b5 axb5 15.
Qxb5 O-O 16. a6 Rfb8 17. Be3 Nd8 18. axb7 Rxa1 19. Rxa1 Rxb7 20. Qd7 c6 21. Qg4
Qe6 22. Qa4 Rb8 23. h3 h6 24. Kh2 Rc8 25. Rb1 f5 26. Bb6 Nf7 27. Qa7 Bf6 28. Be3
f4 29. Bd2 c5 30. Ng1 Qf5 31. Rb7 Rf8 32. Rb8 Rxb8 33. Qxb8+ Kh7 34. Qb7 Nd8 35.
Qd5 Qxc2 36. Qxd6 Nf7 37. Qd5 Ng5 38. c4 Ne4 39. Be1 Nxf2 40. Bxf2 Qxf2 41. Qe4+
Kg8 42. Qd5+ Kf8 43. Qd6+ Kf7 44. Qd7+ Kg6 45. Qd3+ Kf7 46. Qd5+ Ke7 47. Qb7+
Kd6 48. Qd5+ Kc7 49. Qf7+ Kb6 50. Qe6+ Ka5 51. Nf3 Qe3 52. Qe8 Kb4 53. Qb5+ Kc3
54. Qa4 e4 55. Qa5+ Kxc4 56. Qa6+ Kb4 57. Qb6+ Kc4 58. Qe6+ Kc3 59. Ng1 Qg3+ 60.
Kh1 f3 61. gxf3 exf3 62. Qe3+ Kb4 63. Qd2+ Kb5 64. Qd7+ Kb6 65. Qe6+ Ka5 66.
Qa2+ Kb4 67. Qb1+ Kc4 68. Qe4+ Bd4 69. Qe6+ Kc3 70. Qf5 Qg2# 0-1

[Event "Titled Tue 27th May Early"]
[Site "chess.com INT"]
[Date "2025.05.27"]
[Round "3"]
[White "Tsyhanchuk, Stanislav"]
[Black "Cahaya, Satria Duta"]
[Result "0-1"]
[WhiteTitle "IM"]
[BlackTitle "FM"]
[WhiteElo "2273"]
[BlackElo "2416"]
[WhiteFideId "13505130"]
[BlackFideId "7124252"]
[EventDate "2025.05.27"]

1. d4 Nf6 2. Nf3 g6 3. c4 Bg7 4. g3 O-O 5. Bg2 c6 6. O-O d5 7. cxd5 cxd5 8. Nc3
Nc6 9. Ne5 Bf5 10. Bf4 Ne4 11. Nxc6 bxc6 12. Na4 c5 13. Bxe4 dxe4 14. dxc5 Qa5
15. Rc1 Rac8 16. Bd2 Qb5 17. Be3 Bg4 18. Re1 Rfd8 19. Qc2 Be6 20. b3 f5 21. Red1
Qc6 22. Rxd8+ Rxd8 23. Rd1 Rc8 24. Bd4 Bf8 25. e3 Bf7 26. b4 Qa6 27. Nc3 Qc4 28.
Rb1 Re8 29. Be5 Rd8 30. Bd4 g5 31. b5 e5 32. Bxe5 Bxc5 33. Qa4 Bb6 34. Qxc4 Bxc4
35. Rd1 Rxd1+ 36. Nxd1 Bxb5 37. Bf6 h6 38. h4 Kf7 39. hxg5 Bc4 40. Nc3 Kg6 41.
Bd4 Bxd4 42. exd4 hxg5 43. Kg2 Kf6 44. a4 Ke6 45. a5 Kd6 46. g4 Ke6 47. gxf5+
Kxf5 48. Kg3 Bd3 49. Nd5 Ke6 50. Ne3 Be2 51. Kh2 Kd6 52. Kg3 Kc6 53. Kh3 Kb5 54.
Nf5 Kxa5 55. Ng3 Bf3 56. Nf1 Kb4 57. Ne3 a5 58. Nd5+ Kc4 59. Nb6+ Kxd4 60. Kg3
Kc5 61. Na4+ Kb4 62. Nb2 a4 63. Nxa4 Kxa4 64. Kh3 Ka3 65. Kg3 Kb3 66. Kh3 Kc2
67. Kg3 Kd2 68. Kh3 Ke2 69. Kg3 Kf1 70. Kh3 Kxf2 71. Kh2 e3 72. Kh3 e2 73. Kh2
e1=Q 74. Kh3 Qh1# 0-1